Sports Quiz

Random Sports or Basketball Quiz

NBA Top Rebounders (Last 10 Seasons) Quiz Stats

 Plays Quiz Updated Jul 3, 2018

Challenge
Share
Tweet
Embed
Score 0/100 Timer 08:00
3 Plays Today
Season Player % Correct
2013-14Dwight Howard
88.9%
2012-13Dwight Howard
88.9%
2011-12Dwight Howard
88.9%
2010-11Dwight Howard
88.9%
2009-10Dwight Howard
88.9%
2008-09Dwight Howard
88.9%
2017-18Andre Drummond
88.6%
2016-17Dwight Howard
86.8%
2015-16Dwight Howard
86.6%
2014-15DeAndre Jordan
86.2%
2013-14DeAndre Jordan
86.2%
2015-16DeAndre Jordan
85.9%
2016-17DeAndre Jordan
85.4%
2017-18Anthony Davis
81.8%
2016-17Andre Drummond
81.6%
2009-10Tim Duncan
81.4%
2008-09Tim Duncan
81.4%
2015-16Andre Drummond
79.6%
2014-15Pau Gasol
78.3%
2011-12Pau Gasol
78.3%
2010-11Pau Gasol
78.3%
2008-09Pau Gasol
78.3%
2015-16Pau Gasol
76.3%
2016-17Anthony Davis
76.1%
2017-18DeAndre Jordan
75.3%
2014-15Andre Drummond
74%
2013-14Andre Drummond
74%
2016-17DeMarcus Cousins
73.2%
2015-16DeMarcus Cousins
70.1%
2011-12Blake Griffin
66.2%
2010-11Blake Griffin
66.2%
2014-15DeMarcus Cousins
65.3%
2013-14DeMarcus Cousins
65.3%
2011-12DeMarcus Cousins
65.3%
Season Player % Correct
2016-17Russell Westbrook
64.8%
2016-17Hassan Whiteside
63.3%
2014-15Kevin Love
62.7%
2013-14Kevin Love
62.7%
2011-12Kevin Love
62.7%
2010-11Kevin Love
62.7%
2008-09Kevin Love
62.7%
2015-16Kevin Love
62.6%
2017-18Dwight Howard
62%
2008-09Chris Bosh
61.5%
2016-17Rudy Gobert
60.2%
2014-15Tyson Chandler
59.6%
2015-16Hassan Whiteside
59.1%
2013-14Joakim Noah
57.6%
2010-11Al Horford
57.1%
2009-10Al Horford
57.1%
2013-14LaMarcus Aldridge
57%
2017-18Russell Westbrook
56.6%
2016-17Karl-Anthony Towns
56.4%
2015-16Draymond Green
54.4%
2009-10Gerald Wallace
54.2%
2010-11Andrew Bogut
53.7%
2017-18Clint Capela
50.6%
2014-15Zach Randolph
50.3%
2013-14Zach Randolph
50.3%
2012-13Zach Randolph
50.3%
2010-11Zach Randolph
50.3%
2009-10Zach Randolph
50.3%
2015-16Karl-Anthony Towns
50.2%
2008-09Yao Ming
48.7%
2011-12Andrew Bynum
45.6%
2016-17Marcin Gortat
43.8%
2013-14Al Jefferson
42.7%
2010-11Al Jefferson
42.7%
Season Player % Correct
2012-13Tristan Thompson
42%
2013-14Marcin Gortat
39.4%
2011-12Marcin Gortat
39.4%
2011-12Josh Smith
39.3%
2014-15Rudy Gobert
39.2%
2017-18Karl-Anthony Towns
37.7%
2012-13Greg Monroe
36.3%
2011-12Greg Monroe
36.3%
2012-13Carlos Boozer
35.3%
2009-10Carlos Boozer
35.3%
2012-13David Lee
32.4%
2010-11David Lee
32.4%
2009-10David Lee
32.4%
2008-09David Lee
32.4%
2008-09Emeka Okafor
29.3%
2014-15Nikola Vucevic
28.7%
2012-13Nikola Vucevic
28.7%
2017-18Enes Kanter
28.6%
2017-18Nicola Jokic
28.6%
2009-10Marcus Camby
26.4%
2009-10Lamar Odom
24.2%
2012-13Omer Asik
16.9%
2014-15Omer Asik
16.9%
2008-09Antawn Jamison
16.9%
2009-10Samuel Dalembert
13.5%
2012-13Reggie Evans
11.7%
2015-16Julius Randle
11.6%
2017-18Giannis Antetokounmpo
10.3%
2011-12Kris Humphries
7.9%
2010-11Kris Humphries
7.9%
2008-09Troy Murphy
7.5%
2012-13J.J. Hickson
5.4%

You're not logged in!

Compare scores with friends on all Sporcle quizzes.
OR
Log In

You Might Also Like...

Show Comments

Extras

Top Quizzes Today


Score Distribution

Your Account Isn't Verified!

In order to create a playlist on Sporcle, you need to verify the email address you used during registration. Go to your Sporcle Settings to finish the process.

Report this User

Report this user for behavior that violates our Community Guidelines.

Details: